Score 0/13 Timer 05:00
0 Plays Today
% Correct
Cuba
92.1%
Haiti
91.4%
Dominican Republic
91%
Jamaica
90.6%
Bahamas
89.8%
Barbados
76.7%
Grenada
75.9%
Trinidad and Tobago
75.9%
Dominica
75.2%
St. Lucia
68.8%
Antigua and Barbuda
68%
St. Kitts and Nevis
66.9%
St. Vincent and the Grenadines
56%
Come Together.
Have Fun.
All Virtual.
We all need to come together. Play Sporcle's virtual live trivia to have fun, connect with people, and get your trivia on. Join a live hosted trivia game for your favorite pub trivia experience done virtually. If a virtual private party is more your thing, go here for details.

You're not logged in!

Compare scores with friends on all Sporcle quizzes.
OR
Log In

Sporcle TV

Today on Sporcle TV


Watch our educational content, quiz creation guides, and fun videos on Sporcle TV.

Show Comments

Extras

Created Feb 7, 2016ReportNominate
Tags:Country Quiz, caribbean

Top Quizzes Today


Score Distribution

Paid Content

Your Account Isn't Verified!

In order to create a playlist on Sporcle, you need to verify the email address you used during registration. Go to your Sporcle Settings to finish the process.

Report this User

Report this user for behavior that violates our Community Guidelines.

Details: